003580000a2200073000450024500390000030000560003950001600009577300290025510aReports of "resident missionaries" aVol.85, núm.1 (March-June, 2005), Páginas 14-15 aEditor's note - this simple compilation of excerpts from recent reports from LAM Missionaries is illustrative of the outreach of the Latin America Mission.0 tLatin America Evangelist